Great expectations / (Record no. 48396)
| 000 -LEADER | |
|---|---|
| fixed length control field | 00900nam a2200193 4500 |
| 020 ## - INTERNATIONAL STANDARD BOOK NUMBER | |
| International Standard Book Number | 9781402766459 |
| 100 ## - MAIN ENTRY--PERSONAL NAME | |
| Personal name | McFadden, Deanna. |
| Relator term | author. |
| 9 (RLIN) | 61738 |
| 245 10 - TITLE STATEMENT | |
| Title | Great expectations / |
| Statement of responsibility, etc | retold from the Charles Dickens original by Deanna McFadden ; illustrated by Eric Freeberg. |
| 260 ## - PUBLICATION, DISTRIBUTION, ETC. (IMPRINT) | |
| Place of publication, distribution, etc | New York : |
| Name of publisher, distributor, etc | Sterling, |
| Date of publication, distribution, etc | 2010. |
| 300 ## - PHYSICAL DESCRIPTION | |
| Extent | 152 p. : |
| Other physical details | ill. ; |
| Dimensions | 20 cm. |
| 490 ## - SERIES STATEMENT | |
| Series statement | Classic starts |
| 520 ## - SUMMARY, ETC. | |
| Summary, etc | The adventures of an orphaned young man in Victorian England who is given a great deal of money by an unknown benefactor to enable him to live as a gentleman, pursuing a good education and fulfilling great expectations. |
| 650 #1 - SUBJECT ADDED ENTRY--TOPICAL TERM | |
| Topical term or geographic name as entry element | Orphans |
| Form subdivision | Fiction. |
| 650 #1 - SUBJECT ADDED ENTRY--TOPICAL TERM | |
| Topical term or geographic name as entry element | Coming of age |
| Form subdivision | Fiction. |
| 651 #1 - SUBJECT ADDED ENTRY--GEOGRAPHIC NAME | |
| Geographic name | Great Britain |
| General subdivision | History |
| Chronological subdivision | 19th century |
| Form subdivision | Fiction. |
| 700 ## - ADDED ENTRY--PERSONAL NAME | |
| Personal name | Freeberg, Eric, |
| Relator term | ill. |
| 9 (RLIN) | 86034 |
| 700 ## - ADDED ENTRY--PERSONAL NAME | |
| Personal name | Dickens, Charles, |
| Dates associated with a name | 1812-1870. |
| Title of a work | Great expectations. |
| 9 (RLIN) | 86035 |
| 942 ## - ADDED ENTRY ELEMENTS (KOHA) | |
| Source of classification or shelving scheme | |
| Koha item type | Book |
| Withdrawn status | Lost status | Source of classification or shelving scheme | Damaged status | Not for loan | Home library | Current library | Date acquired | Total Checkouts | Full call number | Barcode | Date last seen | Price effective from | Koha item type |
|---|---|---|---|---|---|---|---|---|---|---|---|---|---|
| Logos International School | Logos International School | 02/10/2025 | J FIC DIC | 040351 | 02/20/2025 | 02/10/2025 | Book |